000
00314nam a22001217a 4500
008
160419b xxu||||| |||| 00| 0 eng d
020
_a
9780803622654
020
_a
7808039226654
041
_a
eng
080
_a
618.2
245
_a
Fundamentals of Nursing:
_c
Judith M. Wilkisnon ' Leslie S. Treas :
942
_2
udc
_c
BK
999
_c
1437
_d
1437